00497nam a22001337a 4500008004100000020001800041050002300059100003200082245008400114260005300198300005400251650003600305650002200341171106b xxu||||| |||| 00| 0 eng d a9780194799515 a PE 1628 .H67 2015 aHornby,Albert Sydney d2015 aOxford advanced learner's dictionary of current English/cAlbert Sydney Hornby. aUnited Kingdom:bOxford University Press,c2015. a1 vol. (1755 p.) :bill., couv. ill. en coul.ecd aEnglish languagevDictionaries. aEnglish language.